Teória imidža analýza imidža

Gespeichert in:
Bibliographische Detailangaben
1. Verfasser: Lieskovská, Vanda, 1961-
Format: Buch
Sprache:Slowakisch
Veröffentlicht: Košice [Podnikovohospodárska fakulta EU] 2007
Schlagworte:
Tags: Tag hinzufügen
Keine Tags, Fügen Sie das erste Tag hinzu!

MARC

LEADER 00000nam$a2200000$$$4500
001 0111336
005 20240502072231.7
041 0 |a slo 
044 |a SK 
245 1 0 |a Teória imidža  |b analýza imidža  |c Vanda Lieskovská 
264 1 |a Košice  |b [Podnikovohospodárska fakulta EU]  |c 2007 
610 2 0 |a imidž 
610 2 0 |a analýzy 
100 1 |a Lieskovská, Vanda, 1961-